[Event "Let's Play Chess!"]
[Site "http://www.queenalice.com/game.php?id=302273"]
[Date "2007.11.12"]
[Round "-"]
[White "pablosalermo"]
[Black "gamelover"]
[Result "1-0"]
[WhiteElo "2001"]
[BlackElo "1886"]

1. e4 e6 2. d4 d5 3. Nc3 Bb4 4. e5 c5 5. a3 Bxc3+ 6. bxc3 Ne7 7. Qg4 O-O 8. Nf3
Nbc6 9. Bd3 f5 10. exf6 Rxf6 11. Ne5 1-0

[Event "AUTO-ADV-710"]
[Site "http://www.queenalice.com/game.php?id=302885"]
[Date "2007.11.13"]
[Round "1"]
[White "pablosalermo"]
[Black "AG1"]
[Result "1-0"]
[WhiteElo "1961"]
[BlackElo "1985"]

1. e4 e5 2. Nf3 Nf6 3. Nxe5 d6 4. Nf3 Nxe4 5. d4 d5 6. Bd3 Bd6 7. O-O O-O 8. c4
c6 9. Re1 Nf6 10. Bg5 dxc4 11. Bxc4 b5 12. Bb3 Bf5 13. Nc3 Nbd7 14. Ne5 Bb4 15.
Nxc6 1-0

[Event "AUTO-ADV-710"]
[Site "http://www.queenalice.com/game.php?id=302886"]
[Date "2007.11.13"]
[Round "1"]
[White "AG1"]
[Black "pablosalermo"]
[Result "0-1"]
[WhiteElo "1983"]
[BlackElo "2010"]

1. e4 e5 2. Nf3 Nf6 3. Nc3 Nc6 4. d4 Bb4 5. Nxe5 Nxe4 6. Qg4 Nxc3 7. Qxg7 Ne4+
8. c3 Qf6 9. Qxf6 Nxf6 10. Nxc6 Bf8 11. Ne5 Bg7 12. Bd3 O-O 13. O-O d6 14. Nf3
Bg4 15. Nh4 Rfe8 16. f3 Bd7 17. Bg5 Nd5 18. Rae1 h6 19. Bd2 Rxe1 20. Rxe1 c5 21.
dxc5 dxc5 22. Nf5 Bxf5 23. Bxf5 a5 24. Be4 Rd8 25. a3 b5 26. c4 bxc4 27. Bxa5
Re8 28. Kf2 Bd4+ 29. Kg3 Nf6 30. Bh7+ Kxh7 0-1

[Event "AUTO-ADV-710"]
[Site "http://www.queenalice.com/game.php?id=302887"]
[Date "2007.11.13"]
[Round "1"]
[White "pablosalermo"]
[Black "cessna82783"]
[Result "0-1"]
[WhiteElo "1984"]
[BlackElo "1800"]

1. e4 e6 2. d4 d5 3. Nc3 Bb4 4. e5 Nc6 5. a3 Ba5 6. b4 Bb6 7. Bb5 Ne7 8. Bg5 Bd7
9. Bxc6 Bxc6 10. Nce2 h6 11. Bxe7 Qxe7 12. f4 a5 13. c3 O-O 14. Nf3 axb4 15.
axb4 Bb5 16. O-O Rxa1 17. Qxa1 Bxe2 18. Rf2 Bd3 19. Ra2 Qd7 20. Qd1 Qb5 21. Kf2
Be4 22. Qe2 Qc6 23. Nd2 Qxc3 0-1

[Event "AUTO-ADV-710"]
[Site "http://www.queenalice.com/game.php?id=302888"]
[Date "2007.11.13"]
[Round "1"]
[White "cessna82783"]
[Black "pablosalermo"]
[Result "1-0"]
[WhiteElo "1915"]
[BlackElo "2042"]

1. d4 Nf6 2. Nf3 g6 3. Nc3 d5 4. Bf4 Bg7 5. Nb5 Na6 6. c3 O-O 7. e3 Ne4 8. Bd3
c6 9. Na3 Qa5 10. Bxe4 dxe4 11. Ne5 f6 12. Nec4 Qd8 13. O-O b5 14. Nd2 e5 15.
dxe5 fxe5 16. Bg3 Bf5 17. c4 b4 18. Nc2 Qd3 19. Ne1 Qd6 20. Qc2 Nc5 21. Rd1 Rad8
22. h3 Rd7 23. Qb1 Rfd8 24. Bh4 Bf6 25. Bxf6 Qxf6 26. Qc2 Rd6 27. b3 R8d7 28.
Qb2 h5 29. Kh1 Nb7 30. f3 Qg5 31. fxe4 Qxe3 32. Nef3 Qc3 33. Qxc3 bxc3 34. exf5
cxd2 35. Nxe5 Re7 36. Nxg6 Re2 37. Kh2 Nc5 38. Nf4 Re3 39. Nxh5 Kf7 40. Ng3 Kf6
41. b4 Na4 42. Rf2 Rdd3 43. Rfxd2 Rxg3 44. Rxd3 Rxd3 45. Rxd3 Kxf5 46. Rd7 Nb2
47. b5 1-0

[Event "AUTO-OPEN-900"]
[Site "http://www.queenalice.com/game.php?id=303230"]
[Date "2007.11.13"]
[Round "1"]
[White "romerov"]
[Black "pablosalermo"]
[Result "0-1"]
[WhiteElo "1982"]
[BlackElo "2008"]

1. d4 Nf6 2. c4 e6 3. g3 b6 4. Bg2 d5 5. Nf3 Bb7 6. Nbd2 Be7 7. O-O O-O 8. b3
Nbd7 9. Bb2 c5 10. cxd5 exd5 11. e3 Rc8 12. Rc1 Ne4 13. dxc5 Ndxc5 14. Qe2 Ba6
15. Qe1 Bxf1 16. Bxf1 Nxd2 17. Qxd2 Ne4 18. Qd4 Bf6 19. Rxc8 Qxc8 0-1

[Event "AUTO-OPEN-900"]
[Site "http://www.queenalice.com/game.php?id=303231"]
[Date "2007.11.13"]
[Round "1"]
[White "pablosalermo"]
[Black "romerov"]
[Result "0-1"]
[WhiteElo "2027"]
[BlackElo "1953"]

1. e4 d6 2. d4 Nf6 3. Nc3 g6 4. f4 Bg7 5. Nf3 O-O 6. e5 Ne8 7. h4 c5 8. h5 cxd4
9. hxg6 fxg6 10. Qxd4 Nc6 11. Bc4+ e6 12. Qg1 dxe5 13. Rxh7 Nd4 14. Ng5 Nxc2+
15. Kf1 Qxg5 16. Rxg7+ Nxg7 17. Qc5 Qg3 0-1

[Event "AUTO-OPEN-900"]
[Site "http://www.queenalice.com/game.php?id=303256"]
[Date "2007.11.13"]
[Round "1"]
[White "Hakkinen"]
[Black "pablosalermo"]
[Result "0-1"]
[WhiteElo "1837"]
[BlackElo "2034"]

1. d4 d5 2. c4 e6 3. Nf3 Nf6 4. Nc3 Be7 5. Bf4 c6 6. e3 a6 7. c5 O-O 8. Bd3 Nfd7
9. O-O f6 10. Qc2 g6 11. Bxg6 e5 12. Bxh7+ Kh8 13. Bh6 e4 14. Bxf8 Nxf8 15. Bxe4
dxe4 16. Qxe4 f5 17. Qe5+ Bf6 18. Qf4 Kh7 19. Ne2 Ng6 20. Qg3 Be6 21. Nf4 Nxf4
22. Qxf4 Nd7 23. h3 Qe7 24. b3 Rg8 25. Rae1 Nf8 26. e4 Ng6 27. Qd6 fxe4 28.
Qxe7+ Bxe7 29. Rxe4 Bd5 30. Re3 Bf6 31. Rd1 Nf4 32. g3 Nxh3+ 33. Kh2 Nxf2 34.
Rde1 Ng4+ 35. Kg2 Nxe3+ 36. Rxe3 Bxd4 0-1

[Event "AUTO-OPEN-900"]
[Site "http://www.queenalice.com/game.php?id=303257"]
[Date "2007.11.13"]
[Round "1"]
[White "pablosalermo"]
[Black "Hakkinen"]
[Result "1-0"]
[WhiteElo "1987"]
[BlackElo "1855"]

1. e4 c5 2. Nf3 d6 3. d4 cxd4 4. Nxd4 Nf6 5. Nc3 g6 6. Be3 Bg7 7. f3 O-O 8. Qd2
Nc6 9. h4 Nh5 10. Nde2 Ne5 11. Bh6 Nc4 12. Qc1 b6 13. g4 Nf6 14. h5 Bb7 15. Bxg7
Kxg7 16. hxg6 fxg6 17. Qh6+ Kg8 18. Nd4 Rf7 19. Bxc4 1-0

[Event "AUTO-OPEN-900"]
[Site "http://www.queenalice.com/game.php?id=303272"]
[Date "2007.11.13"]
[Round "1"]
[White "AG1"]
[Black "pablosalermo"]
[Result "1-0"]
[WhiteElo "1951"]
[BlackElo "2021"]

1. e4 c5 2. Nf3 d6 3. d4 cxd4 4. Nxd4 Nf6 5. Nc3 a6 6. Bg5 e6 7. f4 b5 8. e5
dxe5 9. fxe5 h6 10. Bh4 g5 11. exf6 gxh4 12. Qf3 Qxd4 13. Qxa8 Bc5 14. Qxb8 O-O
15. Qc7 Rd8 16. Bd3 Qf2+ 17. Kd1 Bb6 18. Qc6 Be3 19. Ne2 Qxf6 20. Rb1 Qg6 21.
Qxc8 1-0

[Event "AUTO-OPEN-900"]
[Site "http://www.queenalice.com/game.php?id=303273"]
[Date "2007.11.13"]
[Round "1"]
[White "pablosalermo"]
[Black "AG1"]
[Result "0-1"]
[WhiteElo "2029"]
[BlackElo "1981"]

1. d4 Nf6 2. c4 g6 3. Nc3 Bg7 4. e4 d6 5. f3 e5 6. d5 O-O 7. Bg5 Nbd7 8. b4 a5
9. a3 axb4 10. axb4 Rxa1 11. Qxa1 h6 12. Bh4 c5 13. Nb5 cxb4 14. Nxd6 Qb6 15.
Nb5 Nc5 16. Bf2 Nfd7 17. Qb2 Qa5 18. Nh3 b3+ 19. Nc3 Na4 20. Qxb3 Qxc3+ 21. Qxc3
Nxc3 22. Kd2 Na4 23. Be2 Nac5 24. Rb1 b6 25. Kc3 Bb7 26. Bd1 Ra8 27. Bxc5 Nxc5
28. Rxb6 Bf8 29. Nf2 Ra3+ 30. Kb2 Ra6 31. Rb5 Ra8 32. Bc2 Ba6 33. Ra5 Rb8+ 34.
Kc3 Nxe4+ 35. Bxe4 Bb4+ 36. Kc2 Bxa5 37. c5 Rb5 38. Nd3 f5 39. d6 fxe4 40. fxe4
Bb7 0-1

[Event "AUTO-MASTER-415"]
[Site "http://www.queenalice.com/game.php?id=303642"]
[Date "2007.11.14"]
[Round "1"]
[White "arrabi"]
[Black "pablosalermo"]
[Result "1-0"]
[WhiteElo "2044"]
[BlackElo "2043"]

1. e4 Nf6 2. Nc3 d5 3. exd5 Nxd5 4. Bc4 Nb6 5. Bb3 a5 6. a4 g6 7. Qf3 e6 8. Nge2
Bg7 9. d3 Nc6 10. Nb5 O-O 11. O-O Ne5 12. Qg3 c6 13. Nbc3 Nd5 14. Ne4 h6 15. d4
Nd7 16. c4 N5f6 17. Nd6 e5 18. c5 exd4 19. Qxg6 Ne5 20. Qg3 Nfd7 21. Bxh6 Qf6
22. Nf5 Nxc5 23. Bxg7 Qxf5 24. Bxe5+ Qg4 25. Nxd4 Qxg3 26. Bxg3 Rd8 27. Rad1 1-0

[Event "AUTO-MASTER-415"]
[Site "http://www.queenalice.com/game.php?id=303643"]
[Date "2007.11.14"]
[Round "1"]
[White "pablosalermo"]
[Black "arrabi"]
[Result "1-0"]
[WhiteElo "2024"]
[BlackElo "2067"]

1. e4 c5 2. Nf3 Nc6 3. c3 e5 4. d4 cxd4 5. cxd4 exd4 6. Nxd4 Bb4+ 7. Nc3 Qf6 8.
Be3 Nge7 9. Bc4 Ne5 10. Be2 O-O 11. O-O Bxc3 12. bxc3 h6 13. f4 N5c6 14. e5 Qg6
15. f5 Qh7 16. f6 Nd5 17. Bd3 g6 18. Qe1 Nxe5 19. Bc2 Ng4 20. Bc1 Ngxf6 21. Ba3
Re8 22. Qg3 b6 23. c4 Nh5 24. Qf3 Bb7 25. cxd5 Re5 26. Nf5 f6 27. Bd6 Bxd5 28.
Ne7+ Qxe7 29. Qxd5+ Rxd5 30. Bxe7 Rg5 31. Bxf6 Nxf6 32. Rxf6 Kg7 33. Raf1 d5 34.
Rf7+ Kg8 35. Rd7 Rf8 36. Re1 Rf7 37. Re8+ Kg7 38. Rdd8 b5 39. Rg8+ Kf6 40. Rxg6+
Ke5 41. Rxd5+ Kf4 42. Rgxg5 hxg5 43. Rxb5 Rc7 44. Rf5+ Kg4 45. Rf2 a5 46. Bd1+
Kh4 47. Rf6 g4 48. Rf5 Rc3 49. g3+ Rxg3+ 50. hxg3+ Kxg3 51. a4 Kh4 52. Kg2 1-0

[Event "AUTO-MASTER-415"]
[Site "http://www.queenalice.com/game.php?id=303658"]
[Date "2007.11.14"]
[Round "1"]
[White "pablosalermo"]
[Black "Chuzete"]
[Result "0-1"]
[WhiteElo "2002"]
[BlackElo "2232"]

1. e4 c5 2. Nf3 d6 3. d4 cxd4 4. Nxd4 Nf6 5. Nc3 a6 6. Bc4 e6 7. Bb3 b5 8. O-O
Be7 9. f4 O-O 10. e5 dxe5 11. fxe5 Nfd7 12. Bf4 Nc5 13. Be3 Bb7 14. Qg4 Kh8 15.
Rad1 Qc7 16. Bg5 Bxg5 17. Qxg5 Nbd7 18. Nf3 Nxb3 19. axb3 b4 20. Na4 Bxf3 21.
Rxf3 Nxe5 22. Rh3 Qxc2 23. Rc1 Qf5 24. Qh4 h6 25. Rf1 Qg4 26. Qe1 Qd4+ 27. Kh1
Nd3 28. Qd2 Rfd8 29. Rhf3 Ra7 30. h3 f6 31. Qe3 e5 32. Qg1 Rc7 33. Kh2 Qxg1+ 34.
Kxg1 Rc2 35. Rd1 e4 36. Rf5 e3 0-1

[Event "AUTO-MASTER-415"]
[Site "http://www.queenalice.com/game.php?id=303659"]
[Date "2007.11.14"]
[Round "1"]
[White "Chuzete"]
[Black "pablosalermo"]
[Result "1-0"]
[WhiteElo "2166"]
[BlackElo "1998"]

1. d4 Nf6 2. Bg5 Ne4 3. Bf4 c5 4. f3 Qa5+ 5. c3 Nf6 6. Nd2 Nd5 7. Nb3 Qa4 8. Bd2
cxd4 9. cxd4 Nc6 10. e4 Nf6 11. Ne2 e6 12. Nc3 Qb4 13. Nb5 Qa4 14. Nc7+ Kd8 15.
Nxa8 Nxd4 16. Nxd4 Qxd4 17. Ba5+ 1-0

[Event "AUTO-MASTER-415"]
[Site "http://www.queenalice.com/game.php?id=303660"]
[Date "2007.11.14"]
[Round "1"]
[White "pablosalermo"]
[Black "guzanito"]
[Result "0-1"]
[WhiteElo "2002"]
[BlackElo "2120"]

1. e4 e5 2. Nf3 Nc6 3. Bb5 a6 4. Ba4 Nf6 5. O-O Bc5 6. c3 O-O 7. d4 exd4 8. cxd4
Bb6 9. Re1 d6 10. Bg5 h6 11. Bc1 Bg4 12. Bxc6 bxc6 13. Nc3 Bxf3 14. gxf3 Qd7 15.
e5 Nd5 16. f4 Qh3 17. Nxd5 cxd5 18. Re3 Qf5 19. Rg3 Rae8 20. Be3 Re6 21. Qf3
dxe5 22. fxe5 Qxf3 23. Rxf3 f6 24. exf6 Rexf6 25. Rxf6 Rxf6 26. b4 Kf7 27. a4
Rc6 28. a5 Ba7 29. b5 axb5 30. Rb1 Rc4 31. Rxb5 Bxd4 32. Rxd5 Bxe3 33. fxe3 Ke6
34. Rb5 Ra4 35. Kg2 c6 36. Rb7 Rxa5 37. Rxg7 Rg5+ 38. Rxg5 hxg5 39. Kf3 Kf5 40.
e4+ Ke5 41. h3 c5 0-1

[Event "AUTO-MASTER-415"]
[Site "http://www.queenalice.com/game.php?id=303661"]
[Date "2007.11.14"]
[Round "1"]
[White "guzanito"]
[Black "pablosalermo"]
[Result "1/2-1/2"]
[WhiteElo "2117"]
[BlackElo "2025"]

1. e4 c5 2. Nf3 d6 3. d4 cxd4 4. Nxd4 Nf6 5. Nc3 a6 6. Bg5 e6 7. Bd3 b5 8. O-O
b4 9. Nce2 Be7 10. a3 bxa3 11. Rxa3 Nbd7 12. Nc6 Qb6 13. Nxe7 Kxe7 14. Rb3 Qa7
15. c3 Nc5 16. Nd4 Bd7 17. Ra3 Nxd3 18. Qxd3 Rhb8 19. Nf3 Qc7 20. b3 Qc5 21.
Rxa6 Bb5 22. Rxa8 Bxd3 23. Rxb8 Bxf1 24. Kxf1 Qxc3 25. Rb7+ Kd8 26. Rxf7 Qd3+
27. Ke1 Qxe4+ 28. Kd2 Qd5+ 29. Kc2 h6 30. Bxf6+ gxf6 31. Rxf6 Qc5+ 32. Kd1 Qxf2
33. Rxe6 Qxg2 34. Rxd6+ Kc7 35. Rd3 Kb6 36. h4 Ka5 37. Ke1 Kb4 38. Re3 Qh1+ 39.
Kf2 Qa1 40. Kg3 Qf1 41. Re4+ Ka3 42. Ra4+ Kb2 43. Rf4 Qd3 44. b4 Qd6 45. Kg4 Kc2
46. b5 h5+ 47. Kg5 Kb3 48. Rf5 Qd7 49. Rf6 Qg7+ 50. Rg6 Qc3 51. Rf6 Ka4 52. b6
Ka5 53. b7 Qe3+ 54. Kxh5 Qe8+ 55. Kg4 Qe4+ 56. Kg5 Qxb7 57. h5 Qg7+ 58. Rg6 Qc7
59. Kf5 Qc5+ 60. Ne5 Qc8+ 61. Kg5 Qc1+ 62. Kf6 Qf1+ 63. Kg7 Qh1 64. Nf7 Qxh5 65.
Rg5+ 1/2-1/2

[Event "AUTO-ADV-710"]
[Site "http://www.queenalice.com/game.php?id=350247"]
[Date "2008.2.7"]
[Round "2"]
[White "pablosalermo"]
[Black "AG1"]
[Result "1/2-1/2"]
[WhiteElo "2042"]
[BlackElo "2034"]

1. e4 e6 2. d4 d5 3. Nc3 Bb4 4. e5 c5 5. a3 Bxc3+ 6. bxc3 Ne7 7. Qg4 O-O 8. Nf3
Nbc6 9. Bd3 f5 10. exf6 Rxf6 11. Bg5 e5 12. Qh4 e4 13. Bxf6 gxf6 14. Bxe4 dxe4
15. Qxe4 cxd4 16. cxd4 f5 17. Qd3 Qa5+ 18. c3 Nd5 19. Kd2 Bd7 20. Qc4 Rc8 21.
Qb3 Nxd4 22. Nxd4 Rxc3 23. Qxd5+ Qxd5 24. Kxc3 Qc5+ 25. Kd3 Bb5+ 26. Nxb5 Qxb5+
27. Kd2 Qd5+ 28. Ke2 Qe5+ 29. Kd2 f4 30. Rhb1 f3 31. gxf3 Qxh2 32. Ke2 Qe5+ 33.
Kf1 Qc3 34. Kg2 Qg7+ 35. Kh2 Qe5+ 1/2-1/2

[Event "AUTO-ADV-710"]
[Site "http://www.queenalice.com/game.php?id=350248"]
[Date "2008.2.7"]
[Round "2"]
[White "AG1"]
[Black "pablosalermo"]
[Result "0-1"]
[WhiteElo "2029"]
[BlackElo "1995"]

1. e4 c5 2. Nf3 d6 3. Bb5+ Nd7 4. d4 cxd4 5. Qxd4 e6 6. O-O a6 7. Bxd7+ Bxd7 8.
Bg5 Nf6 9. Rd1 Be7 10. e5 dxe5 11. Nxe5 Bb5 12. Qxd8+ Rxd8 13. Rxd8+ Bxd8 14.
Nc3 Nd7 15. Bxd8 Nxe5 16. Nxb5 Kxd8 17. Rd1+ Ke7 18. Nc3 Rc8 19. Rd4 b5 20. Re4
Nc4 21. Nd1 Rd8 22. Re1 Rd2 23. b3 Na3 24. c4 bxc4 25. bxc4 Nxc4 26. Nc3 Rc2 0-1

[Event "AUTO-ADV-710"]
[Site "http://www.queenalice.com/game.php?id=350249"]
[Date "2008.2.7"]
[Round "2"]
[White "pablosalermo"]
[Black "lordek"]
[Result "1-0"]
[WhiteElo "2051"]
[BlackElo "1887"]

1. e4 e5 2. Nf3 Nc6 3. Bc4 Nf6 4. Ng5 Bc5 5. Bxf7+ Ke7 6. Bb3 Rf8 7. O-O h6 8.
Nf3 Nxe4 9. d3 Nf6 10. Nxe5 Bxf2+ 11. Rxf2 Nxe5 12. Re2 Ng4 13. d4 Qe8 14. h3 d6
15. hxg4 Bxg4 16. dxe5 Kd7 17. e6+ Ke7 18. Nc3 Qg6 19. Nd5+ 1-0

[Event "AUTO-ADV-710"]
[Site "http://www.queenalice.com/game.php?id=350250"]
[Date "2008.2.7"]
[Round "2"]
[White "lordek"]
[Black "pablosalermo"]
[Result "0-1"]
[WhiteElo "1868"]
[BlackElo "2060"]

1. e4 c5 2. Nf3 d6 3. Bc4 e6 4. O-O a6 5. a3 d5 6. exd5 exd5 7. Re1+ Be7 8. Ba2
Nf6 9. Nc3 O-O 10. d3 Nc6 11. Bg5 Be6 12. Qd2 Qd7 13. d4 b6 14. dxc5 bxc5 15.
Rad1 d4 16. Bxe6 fxe6 17. Ne4 e5 18. Nxf6+ Bxf6 19. Bxf6 gxf6 20. Re4 Rae8 21.
h3 f5 22. Rh4 Rf7 23. Ng5 Rg7 24. Qe2 Rxg5 25. Qxa6 e4 0-1

[Event "AUTO-ADV-710"]
[Site "http://www.queenalice.com/game.php?id=350251"]
[Date "2008.2.7"]
[Round "2"]
[White "pablosalermo"]
[Black "Redtom"]
[Result "1-0"]
[WhiteElo "2012"]
[BlackElo "1911"]

1. e4 d5 2. exd5 Nf6 3. Bb5+ Bd7 4. Bc4 Bg4 5. f3 Bf5 6. Nc3 c6 7. dxc6 Nxc6 8.
Nge2 Qb6 9. Na4 Qa5 10. Bb3 e5 11. O-O Rd8 12. Ng3 Bg6 13. d3 Nd4 14. Bd2 Qc7
15. Bc3 Bc5 16. Kh1 O-O 17. Ne4 Bxe4 18. fxe4 Bb6 19. Qe1 Ng4 20. Qg3 Qd7 21. h3
Nf6 22. Rxf6 Ne2 23. Qg5 Bc7 24. Raf1 Nf4 25. R6xf4 1-0

[Event "AUTO-ADV-710"]
[Site "http://www.queenalice.com/game.php?id=350252"]
[Date "2008.2.7"]
[Round "2"]
[White "Redtom"]
[Black "pablosalermo"]
[Result "0-1"]
[WhiteElo "1876"]
[BlackElo "2042"]

1. e4 c5 2. Nf3 d6 3. d4 cxd4 4. Nxd4 Nf6 5. Nc3 a6 6. Be2 e5 7. Nb3 Be6 8. Bg5
Nbd7 9. Qd2 Rc8 10. Nd5 Nxe4 11. Bxd8 Nxd2 12. Nc7+ Kxd8 13. Nxe6+ fxe6 14. Kxd2
Be7 15. Bg4 Rf8 16. Rhf1 Bg5+ 17. Kd1 Ke7 18. a4 b6 19. Ra3 Nf6 20. Bh3 Nd5 21.
Nd2 Nb4 22. Ne4 Bh6 23. Rc3 d5 24. Nd2 Rxc3 25. bxc3 Na2 26. c4 dxc4 27. Nxc4
Nc3+ 28. Ke1 Rd8 29. Ne3 Nxa4 30. g3 Nc3 31. f4 Rd4 32. Ng4 Rd1+ 33. Kf2 Rxf1+
34. Kxf1 exf4 35. gxf4 Bxf4 36. Kg2 a5 37. Nf2 a4 38. Nd3 a3 0-1